Logo BPK

Biblioteka

Politechniki Koszalińskiej

Low noise multichannel integrated circuits in CMOS technology for physics and biology applications / (Rekord nr 45632)

Szczegóły MARC
000 -ETYKIETA REKORDU
podpole kontrolne o stałej długości 01186nam a2200253 i 4500
001 - NUMER KONTROLNY REKORDU
pole kontrolne bg
040 ## - ŹRÓDŁO KATALOGOWANIA
Instytucja, która utworzyła rekord BPK
041 0# - KOD JĘZYKA
Kod języka tekstu eng
Kod języka streszczenia lub abstraktu pol
080 ## - UNIWERSALNA KLASYFIKACJA DZIESIĘTNA - UKD
UKD 621.3.049.77:576.3
008 - POLE O STAŁEJ DŁUGOŚCI - DANE KONTROLNE
podpole kontrolne o stałej długości s pl f |000 0 pol
100 1# - NAZWA OSOBOWA
Nazwa osobowa GRYBOŚ, Paweł
245 10 - TYTUŁ/ODPOWIEDZIALNOŚĆ
Tytuł Low noise multichannel integrated circuits in CMOS technology for physics and biology applications /
Pozostałe elementy strefy tytułu i oznaczenia odpowiedzialności Paweł Gryboś.
246 15 - WARIANT TYTUŁU
Tytuł Niskoszumne wielokanałowe układy scalone w technologii CMOS dla potrzeb eksperymentów fizyki i biologii
260 ## - STREFA ADRESU WYDAWNICZEGO
Miejsce wydania Kraków :
Nazwa wydawcy/dystrybutora AGH Uczelniane Wydawnictwa Naukowo-Dydaktyczne,
Data publikacji, dystrybucji/powstania dokumentu 2003.
300 ## - STREFA OPISU FIZYCZNEGO
Objętość 126, [1] s. :
Inne cechy fizyczne il. ;
Rozmiary 24 cm.
490 1# - STREFA SERII I DOKUMENTU WIELOCZĘŚCIOWEGO - FORMA NIE DO WYSZUKIWANIA
Tytuł i oznaczenie odpowiedzialności serii Rozprawy, Monografie / [Akademia Górniczo-Hutnicza im. Stanisława Staszica w Krakowie] =
-- Dissertations, Monographies,
ISSN 0867-6631 ;
Numeracja w obrębie serii 117
500 ## - UWAGI OGÓLNE
Tekst uwagi Streszcz. pol.
500 ## - UWAGI OGÓLNE
Tekst uwagi Tyt. równol.: Niskoszumne wielokanałowe układy scalone w technologii CMOS dla potrzeb eksperymentów fizyki i biologii.
504 ## - UWAGA DOTYCZĄCA BIBLIOGRAFII
Informacje o bibliografii Bibliogr.
650 #9 - HASŁO PRZEDMIOTOWE W FORMIE NAZWY OGÓLNEJ LUB JEDNOSTKOWEJ
Nazwa ogólna lub geograficzna Neurobiologia
Określnik ogólny elektronika
650 #9 - HASŁO PRZEDMIOTOWE W FORMIE NAZWY OGÓLNEJ LUB JEDNOSTKOWEJ
Nazwa ogólna lub geograficzna Układy scalone
Określnik ogólny projekty
830 #0 - HASŁO DODATKOWE SERII LUB DOKUMENTU WIELOCZĘŚCIOWEGO - TYTUŁ UJEDNOLICONY
Tytuł ujednolicony Rozprawy, Monografie ([Akademia Górniczo-Hutnicza im. Stanisława Staszica w Krakowie]) ;
Oznaczenie tomu 117
856 ## - LOKALIZACJA I DOSTĘP DO ELEKTRONICZNYCH DOKUMENTÓW ZDALNYCH
Link (URL) http://koha.tu.koszalin.pl/cgi-bin/koha/opac-detail.pl?biblionumber=45632
Tekst linku Katalog online BPK
942 ## - DODATKOWE ELEMENTY (KOHA)
Typ dokumentu Książka
Egzemplarze
Wycofany Status egzemplarza Uszkodzony Dostępność Lokalizacja stała Lokalizacja bieżąca Miejsce przechowywania Sygnatura Kod kreskowy Typ dokumentu
      Dostępny Biblioteka Politechniki Koszalińskiej Biblioteka Politechniki Koszalińskiej Wypożyczalnia BG 74661 02244587 Książka
© 2023 Biblioteka Politechniki Koszalińskiej :: KOHA